Empirical political analysis : (Record no. 892)

MARC details
000 -LEADER
fixed length control field 01028cam a2200277 a 4500
001 - CONTROL NUMBER
control field 4835055
003 - CONTROL NUMBER IDENTIFIER
control field OSt
005 - DATE AND TIME OF LATEST TRANSACTION
control field 20150114141312.0
008 - FIXED-LENGTH DATA ELEMENTS--GENERAL INFORMATION
fixed length control field 900328s1991 nyua b 001 0 eng
010 ## - LIBRARY OF CONGRESS CONTROL NUMBER
LC control number 90035582
020 ## - INTERNATIONAL STANDARD BOOK NUMBER
International Standard Book Number 0801304075
040 ## - CATALOGING SOURCE
Original cataloging agency DLC
Transcribing agency DLC
Modifying agency DLC
050 00 - LIBRARY OF CONGRESS CALL NUMBER
Classification number JA86
Item number .M35 1991
082 00 - DEWEY DECIMAL CLASSIFICATION NUMBER
Classification number 320.072
Edition number 20
Item number MAN 1991
100 1# - MAIN ENTRY--PERSONAL NAME
Personal name Manheim, Jarol B.,
Dates associated with a name 1946-
9 (RLIN) 2409
245 10 - TITLE STATEMENT
Title Empirical political analysis :
Remainder of title research methods in political science /
Statement of responsibility, etc. Jarol B. Manheim and Richard C. Rich ; with contributions by Donna L. Bahry, Philip A. Schrodt.
250 ## - EDITION STATEMENT
Edition statement 3rd ed.
260 ## - PUBLICATION, DISTRIBUTION, ETC. (IMPRINT)
Place of publication, distribution, etc. New York :
Name of publisher, distributor, etc. Longman,
Date of publication, distribution, etc. 1991.
300 ## - PHYSICAL DESCRIPTION
Extent xii, 399 p. :
Other physical details ill.;
Dimensions 24 cm.
504 ## - BIBLIOGRAPHY, ETC. NOTE
Bibliography, etc Includes bibliographical references and index.
650 #0 - SUBJECT ADDED ENTRY--TOPICAL TERM
Topical term or geographic name as entry element Political science
General subdivision Research.
9 (RLIN) 2410
700 1# - ADDED ENTRY--PERSONAL NAME
Personal name Rich, Richard C.
9 (RLIN) 2411
906 ## - LOCAL DATA ELEMENT F, LDF (RLIN)
a 7
b cbc
c orignew
d 1
e ocip
f 19
g y-gencatlg
942 ## - ADDED ENTRY ELEMENTS (KOHA)
Source of classification or shelving scheme Dewey Decimal Classification
Koha item type Short Loan
Holdings
Withdrawn status Lost status Source of classification or shelving scheme Damaged status Not for loan Home library Current library Date acquired Inventory number Total Checkouts Full call number Barcode Date last seen Price effective from Koha item type
    Dewey Decimal Classification     MUST Main Library MUST Main Library 14/01/2015 2003/18502   320.072 MAN 1991 2015-0102 14/01/2015 14/01/2015 Short Loan